Human Capital Investment as a Previous for Economic Growth

Vplyv ľudského kapitálu na ekonomický rast. Poznatky z výskumu vplyvu faktora ľudského kapitálu na ekonomický rast. Investície do ľudského kapitálu. Formy investovania do ľudského kapitálu. Ľudský kapitál a investície do vzdelávania. Správa Európskej komisie o Slovensku.

Guardado en:
Detalles Bibliográficos
Autor principal: Foltínová, Ľubica, 1975-
Otros Autores: Bukovová, Sylvia, 1959-, Dubcová, Gabriela, 1968-
Formato: Capítulo de libro
Lenguaje:eslovaco
Materias:
Etiquetas: Agregar Etiqueta
Sin Etiquetas, Sea el primero en etiquetar este registro!

MARC

LEADER 00000naa$a2200000$$$4500
001 0254477
005 20240502074052.4
041 0 |a slo 
044 |a SK 
245 1 0 |a Human Capital Investment as a Previous for Economic Growth  |c Ľubica Foltínová, Sylvia Bukovová, Gabriela Dubcová 
520 |a Vplyv ľudského kapitálu na ekonomický rast. Poznatky z výskumu vplyvu faktora ľudského kapitálu na ekonomický rast. Investície do ľudského kapitálu. Formy investovania do ľudského kapitálu. Ľudský kapitál a investície do vzdelávania. Správa Európskej komisie o Slovensku. 
610 2 0 |a kapitál ľudský 
610 2 0 |a vzdelávanie celoživotné 
610 2 0 |a vzdelávanie ďalšie 
610 2 0 |a investovanie 
610 2 0 |a rast hospodársky 
100 1 |a Foltínová, Ľubica, 1975- 
700 1 |a Bukovová, Sylvia, 1959- 
700 1 |a Dubcová, Gabriela, 1968-